Normal view
MARC view
- ادارة البنوك
Entry Topical Term
001 - CONTROL NUMBER
- control field: 28879
003 - CONTROL NUMBER IDENTIFIER
- control field: JO-AjAnu
005 - DATE AND TIME OF LATEST TRANSACTION
- control field: 20230606074905.0
008 - FIXED-LENGTH DATA ELEMENTS
- fixed length control field: 230606|| aca||aabn | a|a d
040 ## - CATALOGING SOURCE
- Original cataloging agency: JO-AjAnu
- Transcribing agency: JO-AjAnu
150 ## - HEADING--TOPICAL TERM
- Topical term or geographic name entry element: ادارة البنوك
670 ## - SOURCE DATA FOUND
- Source citation: Work cat.: (JO-AjAnu)14824: حنفي، عبدالغفار, author 28878, ادارة المصارف : السياسات المصرفية، تحليل لبقوائم المالية، الجوانب التنظيمية في البنوك التجارية والاسلامية